000 00811cam a22002653a 4500
001 12784
003 PGUSA
005 20140828083256.0
008 040629s2004||||xxu|||||s|||||000 | eng d
040 _aPGUSA
_beng
042 _adc
050 4 _aHG
100 1 _aSwift, Jonathan,
_d1667-1745
245 1 4 _aThe Prose Works of Jonathan Swift, D.D. — Volume 06 :
_bThe Drapier's Letters
_h[electronic resource] /
_cJonathan Swift
260 _bProject Gutenberg,
_c2004
506 _aPublic domain in the USA.
516 _aElectronic text
653 _aMoney -- Ireland -- History
653 _aWood, William, 1671-1730
653 _aCoinage -- Ireland
700 1 _aScott, Temple,
_d1864-1939
830 0 _aProject Gutenberg
_v12784
856 4 0 _uhttp://www.gutenberg.org/ebooks/12784
942 _cEB
999 _c242039
_d242039